|
|
|
|
| LEADER |
00000nam0a2200000 4500 |
| 001 |
24623 |
| 005 |
20231101205623.0 |
| 010 |
|
|
|a 5773500981
|
| 035 |
|
|
|a (RuTPU)RU\TPU\book\24852
|
| 035 |
|
|
|a BOOK00024925
|
| 090 |
|
|
|a 24623
|
| 100 |
|
|
|a 20011209d1999 km y0rusy50 ca
|
| 101 |
0 |
|
|a rus
|
| 102 |
|
|
|a RU
|
| 105 |
|
|
|a a z 001cd
|
| 200 |
1 |
|
|a Книжные раритеты
|e Собиратели и хранители
|f Б. В. Заболотских
|
| 210 |
|
|
|a Москва
|c Классика
|d 1999
|
| 215 |
|
|
|a 558 с.
|c ил.
|d 20 см
|
| 320 |
|
|
|a Список использованной литературы: с.549-556
|
| 320 |
|
|
|a Краткий словарь имен, архаичных выражений, исторических событий: с. 526-548
|
| 464 |
|
|
|t Кандидат Каладович
|o Историческое повествование
|
| 464 |
|
|
|t Книжная Москва
|o Исторические очерки
|
| 464 |
|
|
|t Библиофилы, издатели, антикварии, коллекционеры
|o Рассказы и очерки
|
| 600 |
|
1 |
|a Калайдович
|b К. Ф.
|c российский археограф
|c историк книги
|f 1792-1832
|g Константин Федорович
|c библиограф
|c библиофил
|2 stltpush
|3 (RuTPU)RU\TPU\pers\13491
|
| 600 |
|
1 |
|a Бекетов
|b П. П.
|c российский издатель
|c типограф
|f 1761-1836
|g Платон Петрович
|2 stltpush
|3 (RuTPU)RU\TPU\pers\13492
|9 4143
|
| 600 |
|
1 |
|a Селивановский
|b С. И.
|c российский типограф
|c книгоиздатель
|f 1772-1835
|g Семен Иоанникиевич
|2 stltpush
|3 (RuTPU)RU\TPU\pers\13493
|9 4144
|
| 600 |
|
1 |
|a Большаков
|b Т. Ф.
|c библиофил
|c антиквар
|f ?-1863
|g Тихон Федорович
|c московский книгопродавец
|2 stltpush
|3 (RuTPU)RU\TPU\pers\13497
|
| 600 |
|
1 |
|a Полторацкий
|b С. Д.
|c российский библиограф
|c библиофил
|f 1803-1884
|g Сергей Дмитриевич
|c популяризатор и историк русской литературы
|2 stltpush
|3 (RuTPU)RU\TPU\pers\13499
|
| 600 |
|
1 |
|a Зайцевский
|b М. М.
|c библиофил
|c антиквар
|f 1815-1885
|g Михаил Михайлович
|2 stltpush
|3 (RuTPU)RU\TPU\pers\13502
|
| 600 |
|
1 |
|a Чертков
|b А. Д.
|c российский историк
|c археолог
|f 1789-1858
|g Александр Дмитриевич
|c библиограф
|c нумизмат
|2 stltpush
|3 (RuTPU)RU\TPU\pers\13503
|
| 600 |
|
1 |
|a Соболевский
|b С. А.
|c российский библиофил
|c библиограф
|f 1803-1870
|g Сергей Александрович
|c поэт
|2 stltpush
|3 (RuTPU)RU\TPU\pers\13504
|
| 600 |
|
1 |
|a Полуденский
|b М. П.
|c российский библиограф
|c историк
|f 1830-1868
|g Михаил Петрович
|c библиофил
|2 stltpush
|3 (RuTPU)RU\TPU\pers\13505
|
| 600 |
|
1 |
|a Ровинский
|b Д. А.
|c российский государственный деятель
|c историк искусства и коллекционер
|f 1824-1895
|g Дмитрий Александрович
|c один из основоположников русской иконографии
|c исследователь гравюры и лубка
|2 stltpush
|3 (RuTPU)RU\TPU\pers\13506
|
| 600 |
|
1 |
|a Лонгинов
|b М. Н.
|c российский историк
|c библиограф
|f 1823-1875
|g Михаил Николаевич
|c библиофил
|c публицист
|2 stltpush
|3 (RuTPU)RU\TPU\pers\13568
|
| 600 |
|
1 |
|a Ефремов
|b П. А.
|c российский библиограф
|c библиофил
|f 1830-1907
|g Петр Александрович
|c издатель
|c историк русской литературы
|2 stltpush
|3 (RuTPU)RU\TPU\pers\13569
|
| 600 |
|
1 |
|a Готье
|b В. И.
|c московский книготорговец
|c книгоиздатель
|f ?-1873
|g Владимир Иванович
|2 stltpush
|3 (RuTPU)RU\TPU\pers\13570
|9 4178
|
| 600 |
|
1 |
|a Остроглазов
|b И. М.
|c библиограф
|c библиофил
|f 1838-1892
|g Иван Михайлович
|2 stltpush
|3 (RuTPU)RU\TPU\pers\13571
|
| 600 |
|
1 |
|a Шибанов
|b П. П.
|c книготорговец
|c библиограф
|f 1864-1935
|g Павел Петрович
|c библиофил, знаток русских старопечатных и редких книг
|2 stltpush
|3 (RuTPU)RU\TPU\pers\13572
|
| 600 |
|
1 |
|a Сытин
|b И. Д.
|c издатель-просветитель
|f 1851-1934
|g Иван Дмитриевич
|2 stltpush
|3 (RuTPU)RU\TPU\pers\11755
|
| 600 |
|
1 |
|a Солдатенков
|b К. Т.
|c российский предприниматель
|c владелец художественной галереи
|f 1818-1901
|g Козьма Терентьевич
|2 stltpush
|3 (RuTPU)RU\TPU\pers\12514
|9 3517
|
| 600 |
|
1 |
|a Ширяев
|b А. С.
|c российский книготорговец
|c издатель
|f ?-1841
|g Александр Сергеевич
|2 stltpush
|3 (RuTPU)RU\TPU\pers\13574
|9 4182
|
| 600 |
|
0 |
|a Иван Грозный
|d IV
|c великий князь московский, первый русский царь
|f 1530-1584
|c из династии Рюриковичей
|2 stltpui
|3 (RuTPU)RU\TPU\pers\1414
|
| 600 |
|
1 |
|a Погодин
|b М. П.
|c российский историк
|c писатель
|f 1800-1875
|g Михаил Петрович
|c библиофил
|c коллекционер
|c академик Петербургской АН (1841)
|2 stltpush
|3 (RuTPU)RU\TPU\pers\13496
|
| 610 |
1 |
|
|a печать
|
| 610 |
1 |
|
|a книги
|
| 610 |
1 |
|
|a библиофилия
|
| 610 |
1 |
|
|a история
|
| 610 |
1 |
|
|a Москва
|
| 610 |
1 |
|
|a история книги
|
| 610 |
1 |
|
|a библиофильство
|
| 610 |
1 |
|
|a археография
|
| 610 |
1 |
|
|a раритеты
|
| 610 |
1 |
|
|a библиофилы
|
| 610 |
1 |
|
|a книгоиздатели
|
| 610 |
1 |
|
|a коллекционеры
|
| 610 |
1 |
|
|a антиквары
|
| 610 |
1 |
|
|a редкие книги
|
| 610 |
1 |
|
|a типографии
|
| 610 |
1 |
|
|a всемирная история
|
| 610 |
1 |
|
|a библиотека Ивана Грозного
|
| 686 |
|
|
|a Ч610.61
|v LBC/SL-A
|2 rubbk
|
| 686 |
|
|
|a Ч611.68
|v LBC/SL-A
|2 rubbk
|
| 700 |
|
1 |
|a Заболотских
|b Б. В.
|g Борис Васильевич
|
| 801 |
|
0 |
|a RU
|b 63413507
|c 20011209
|g PSBO
|
| 801 |
|
2 |
|a RU
|b 63413507
|c 20140529
|g PSBO
|
| 942 |
|
|
|c BK
|